| 000 | 00492nam a2200157 a 4500 | ||
|---|---|---|---|
| 001 | 000036200 | ||
| 005 | 20200930074941.0 | ||
| 008 | 120111s1983 xxuad 000 0 eng d | ||
| 020 | _a025602829x | ||
| 082 |
_axxx _bH893a |
||
| 100 | 1 |
_aHughes, Ann J. _962258 |
|
| 245 | 1 | 0 |
_aApplied mathematics : _bfor business, economics and the social sciences / _cAnn J. Hughes. |
| 260 |
_aHomewood, Illinois : _bRichard D. Irwin, _c1983. |
||
| 300 |
_a753 p. : _bil., diagr. ; _c24 cm. |
||
| 999 |
_c35691 _d35691 |
||
| 040 | _aDO-SdBNP | ||